Slovenčina pre ekonómov II odborný slovenský jazyk pre zahraničných študentov
Guardado en:
| Autor principal: | |
|---|---|
| Autor Corporativo: | |
| Otros Autores: | , , |
| Formato: | Libro |
| Lenguaje: | eslovaco |
| Publicado: |
Bratislava
Vydavateľstvo EKONÓM
2018
|
| Edición: | 1. vydanie |
| Materias: | |
| Etiquetas: |
Sin Etiquetas, Sea el primero en etiquetar este registro!
|
MARC
| LEADER | 00000nam a2200000 4500 | ||
|---|---|---|---|
| 001 | 0242768 | ||
| 005 | 20240502073937.9 | ||
| 020 | |a 978-80-225-4487-0 | ||
| 041 | 0 | |a slo | |
| 044 | |a SK | ||
| 245 | 1 | 0 | |a Slovenčina pre ekonómov II |b odborný slovenský jazyk pre zahraničných študentov |c Roman Kvapil, Martina Uličná ; recenzenti: Katarína Strelková, Mária Spišiaková |
| 250 | |a 1. vydanie | ||
| 264 | 1 | |a Bratislava |b Vydavateľstvo EKONÓM |c 2018 | |
| 300 | |a 120 s. [5,54 AH] | ||
| 610 | 2 | 0 | |a slovenčina |
| 610 | 2 | 0 | |a jazyk odborný |
| 610 | 2 | 0 | |a ekonómovia |
| 610 | 2 | 0 | |a študenti zahraniční |
| 610 | 2 | 0 | |a komunikácia interná |
| 610 | 2 | 0 | |a komunikácia externá |
| 610 | 2 | 0 | |a pohovor |
| 610 | 2 | 0 | |a administratíva |
| 610 | 2 | 0 | |a korešpondencia |
| 610 | 2 | 0 | |a banky |
| 100 | 1 | |a Kvapil, Roman, 1971- | |
| 700 | 1 | |a Uličná, Martina, 1971- | |
| 700 | 1 | |a Strelková, Katarína | |
| 700 | 1 | |a Spišiaková, Mária, 1973- | |
| 710 | 2 | |a Ekonomická univerzita v Bratislave. Fakulta aplikovaných jazykov | |